00655 2200241 4500001002100000005001500021035002000036245007800056100001800134250000600152300003500158700001800193260004500211082001000256084001600266020002200282650002400304990001700328990001700345990001700362990001700379990001700396INLIS00000000000016620180904014121 a0010-09180000201 aAneka Konstruksi Kerajinan Tangan /cRaharjo, S.TP; Editor, Sriyani, S.Pd0 aRaharjo, S.TP a- aiv, 72 hlm. :bilus. ;c25 cm.0 aSriyani, S.Pd aSurakarta :bPT Era Pustaka Utama,c2008 a745.5 a745.5 RAH a a978-602-8024-77-8 aKeterampilan Tangan a00708/P/2018 a00709/P/2018 a00710/P/2018 a00711/P/2018 a00712/P/2018